<?xml version="1.0" encoding="UTF-8"?>
<record
    xmlns:xsi="http://www.w3.org/2001/XMLSchema-instance"
    xsi:schemaLocation="http://www.loc.gov/MARC21/slim http://www.loc.gov/standards/marcxml/schema/MARC21slim.xsd"
    xmlns="http://www.loc.gov/MARC21/slim">

  <leader>01032cam a22002771  4500</leader>
  <controlfield tag="001">sa 68005708 </controlfield>
  <controlfield tag="003">DLC</controlfield>
  <controlfield tag="005">20260227112511.0</controlfield>
  <controlfield tag="008">850617s1966    ii       b    000 0 san  </controlfield>
  <datafield tag="010" ind1=" " ind2=" ">
    <subfield code="a">sa 68005708 </subfield>
  </datafield>
  <datafield tag="020" ind1=" " ind2=" ">
    <subfield code="c">Rs3</subfield>
  </datafield>
  <datafield tag="025" ind1=" " ind2=" ">
    <subfield code="a">PL480: I-San-707</subfield>
  </datafield>
  <datafield tag="035" ind1=" " ind2=" ">
    <subfield code="a">(OCoLC)13891070</subfield>
  </datafield>
  <datafield tag="040" ind1=" " ind2=" ">
    <subfield code="a">DLC</subfield>
    <subfield code="c">NN</subfield>
    <subfield code="d">DLC</subfield>
  </datafield>
  <datafield tag="042" ind1=" " ind2=" ">
    <subfield code="a">premarc</subfield>
  </datafield>
  <datafield tag="050" ind1="0" ind2="0">
    <subfield code="a">PK875</subfield>
    <subfield code="b">.K43</subfield>
  </datafield>
  <datafield tag="100" ind1="0" ind2=" ">
    <subfield code="a">Ked&#x101;rabha&#x1E6D;&#x1E6D;a.</subfield>
  </datafield>
  <datafield tag="240" ind1="1" ind2="0">
    <subfield code="a">Vr&#x325;ttaratn&#x101;kara</subfield>
  </datafield>
  <datafield tag="245" ind1="1" ind2="0">
    <subfield code="a">V&#x1E5B;ttaratn&#x101;karam.</subfield>
    <subfield code="c">&#x15A;r&#x12B;bha&#x1E6D;&#x1E6D;aked&#x101;raviracitam. Ghil&#x1E0D;iy&#x101;lop&#x101;hv ena &#x15A;r&#x12B;dhar&#x101;nanda&#x15B;&#x101;stri&#x1E47;&#x101; pra&#x1E47;&#x12B;tay&#x101; pr&#x101;j&#xF1;ato&#x1E63;i&#x1E47;&#x12B;vy&#x101;khyay&#x101; Hind&#x12B;r&#x16B;p&#x101;ntare&#x1E47;a &#x1E6D;ippa&#x1E47;y&#x101; ca samala&#x1E45;k&#x1E5B;tam.</subfield>
  </datafield>
  <datafield tag="260" ind1=" " ind2=" ">
    <subfield code="a">Dill&#x12B;,</subfield>
    <subfield code="b">Mot&#x12B;l&#x101;la Ban&#x101;ras&#x12B;d&#x101;sa</subfield>
    <subfield code="c">[1966]</subfield>
  </datafield>
  <datafield tag="300" ind1=" " ind2=" ">
    <subfield code="a">26, 242 p.</subfield>
    <subfield code="c">18 cm.</subfield>
  </datafield>
  <datafield tag="500" ind1=" " ind2=" ">
    <subfield code="a">In Sanskrit; introductory matter in Hindi; commentary in Hindi and Sanskrit.</subfield>
  </datafield>
  <datafield tag="504" ind1=" " ind2=" ">
    <subfield code="a">Bibliographical footnotes.</subfield>
  </datafield>
  <datafield tag="650" ind1=" " ind2="0">
    <subfield code="a">Sanskrit language</subfield>
    <subfield code="x">Metrics and rhythmics.</subfield>
  </datafield>
  <datafield tag="700" ind1="1" ind2="2">
    <subfield code="a">Ghildiyal, Shridharanand Sharma,</subfield>
    <subfield code="d">1927-</subfield>
    <subfield code="t">Pr&#x101;j&#xF1;ato&#x1E63;in&#x12B;.</subfield>
  </datafield>
  <datafield tag="999" ind1=" " ind2=" ">
    <subfield code="c">80897</subfield>
    <subfield code="d">80897</subfield>
  </datafield>
</record>
